000 00314nam a22001097a 4500
008 230621b xxu||||| |||| 00| 0 eng d
082 _a328.33
_bSCT 2006
245 _aSociety of Clerks-At-The-Table in Commonwealth Parliaments
_bList of Members as at 1July 2006
260 _c2006
300 _a28p
942 _2ddc
_cBK
999 _c2328
_d2328